000 00485nam a2200181Ia 4500
005 20250317125600.0
008 008 250317s9999 xx 000 0 eng d
037 _aTextbook
040 _aFMSL
_beng
_cFMSL
041 _aeng
_2eng
084 _aX8(A) M1
_qFMSL
100 _aNPC
245 0 _aElectroploting and metal finishing
260 _aMadras Madras
_bMadras Madras, NPC
_c1981
300 _a375p
942 _cTB
_hX8(A) M1
999 _c1260078
_d1260078